000 00664nam a2200241Ia 4500
003 OSt
005 20221007075219.0
006 a|||||r|||| 00| 0
007 ta
008 221006b |||||||| |||| 00| 0 eng d
020 _a8171007856
024 _a16,244
037 _cTextual
040 _aFLL
_cFLL
_beng
041 _2eng
_aeng
082 _aX8(J):9:Z2, N5
100 _aPawar Rajinderjit
_9693656
245 0 _aLandless agricultural labourers and the law
260 _aNew Delhi
_bDeep & Deep Publications India
_c1995
300 _a278p
_ccm.
942 _hX8(J):9:Z2, N5
_cTEXL
_2CC
999 _c1155216
_d1155216